Đang tải...

Henry James Turn of the screw /

Chi tiết về thư mục
Tác giả khác: Biedler , Peter G. (Biên tập viên)
Ngôn ngữ:Undetermined
Được phát hành: New York : Bedford/St Martins , 2004.
Phiên bản:2nd ed.
Những chủ đề:
LEADER 00583nam a2200181Ia 4500
001 143196
008 170722s9999 xx 000 0 und d
245 |a Henry James  |b Turn of the screw / 
250 |a 2nd ed. 
260 |a New York :  |b Bedford/St Martins ,  |c 2004. 
300 |a xiii+386 
653 |a American Novel 
653 |a Criticism 
700 |a Biedler , Peter G.  |e editor. 
923 |d 20050701  |n 102/05-06 
942 |c GEN 
999 |c 131358  |d 131358 
952 |0 0  |1 0  |4 0  |6 O_1113M43TG_P4  |7 0  |9 185642  |a LIB  |b LIB  |d 2013-03-25  |e Prabhus Books  |o O111,3M43,T:g P4  |p 258723  |r 2017-08-12  |w 2017-08-12  |y GEN